Statistics for Detroit Tigers Trivia

Click here to take the quiz!

General Stats

  • This quiz has been taken 437 times
    (91 since last reset)
  • The average score is 10 of 14

Answer Stats

HintAnswer% Correct
Tigers' all-time leader in hits, one of five original members of the Hall of Fame
Ty Cobb
96%
Slugger who won the Triple Crown in 2012Miguel Cabrera
95%
Ace pitcher who was named league MVP in 2011Justin Verlander
94%
Tigers' all-time leader in home runs (1953–1974)Al Kaline
85%
Infield combo who turned 1,918 double plays from 1977–1995,
the most of any duo in MLB history
Alan Trammell
76%
AAA affiliates of the Detroit Tigers{Toledo} Mud Hens
73%
Player nicknamed the "Hebrew Hammer" who hit a team record 58 home runs in 1938Hank Greenberg
68%
Pitcher who threw 162 wins in the 1980s – more than any other pitcher in the MLBJack Morris
63%
Infield combo who turned 1,918 double plays from 1977–1995,
the most of any duo in MLB history
Lou Whitaker
62%
Manager of the 1984 World Series champion teamSparky Anderson
59%
Manager of the 2006 and 2011 teams which advanced to the World SeriesJim Leyland
55%
Nickname of 1976 phenom Mark FidrychThe {Bird}
55%
The last pitcher in MLB history to win at least 30 games in a seasonDenny McLain
46%
Pitcher who had three complete game victories in the 1968 World SeriesMickey Lolich
41%

Score Distribution

Percentile by Number Answered

Percent of People with Each Score

Your Score History

You have not taken this quiz since the last reset